000
00343 a2200157 4500
001
154664
040
_c
Escola São Tomás de Aquino
100
_a
RIBEIRO, Regina Helena de Araújo
240
1
0
_a
Bandeirantes
_l
por
245
1
0
_a
Bandeirantes
300
_a
87
362
0
_a
2004
440
1
_a
Saraiva
697
_a
HISTÓRIA
942
_c
BK
999
_c
154664
_d
154664